<?xml version="1.0" encoding="UTF-8"?>
<record
    xmlns:xsi="http://www.w3.org/2001/XMLSchema-instance"
    xsi:schemaLocation="http://www.loc.gov/MARC21/slim http://www.loc.gov/standards/marcxml/schema/MARC21slim.xsd"
    xmlns="http://www.loc.gov/MARC21/slim">

  <leader>02662njm a2200433Ia 4500</leader>
  <controlfield tag="001">21068</controlfield>
  <controlfield tag="003">IT-RoPAU</controlfield>
  <controlfield tag="005">20220918181118.0</controlfield>
  <controlfield tag="008">131025s9999    xx            000 0 und d</controlfield>
  <datafield tag="040" ind1=" " ind2=" ">
    <subfield code="a">IT-RoPAU</subfield>
  </datafield>
  <datafield tag="040" ind1=" " ind2=" ">
    <subfield code="c">IT-RoPAU</subfield>
  </datafield>
  <datafield tag="041" ind1=" " ind2=" ">
    <subfield code="a">ITALIANO</subfield>
  </datafield>
  <datafield tag="999" ind1=" " ind2=" ">
    <subfield code="c">99574</subfield>
    <subfield code="d">99574</subfield>
  </datafield>
  <datafield tag="999" ind1=" " ind2=" ">
    <subfield code="b">n.d.</subfield>
  </datafield>
  <datafield tag="100" ind1=" " ind2=" ">
    <subfield code="a">AA.VV.</subfield>
    <subfield code="9">794</subfield>
  </datafield>
  <datafield tag="100" ind1=" " ind2=" ">
    <subfield code="e">Autore musica</subfield>
    <subfield code="9">4710</subfield>
  </datafield>
  <datafield tag="100" ind1=" " ind2=" ">
    <subfield code="g">Codice autore musica SPICS: 12000</subfield>
    <subfield code="9">796</subfield>
  </datafield>
  <datafield tag="245" ind1=" " ind2=" ">
    <subfield code="a">Erba di casa mia (Lp Cgd 65411)</subfield>
  </datafield>
  <datafield tag="250" ind1=" " ind2=" ">
    <subfield code="a">1a ed.</subfield>
  </datafield>
  <datafield tag="260" ind1=" " ind2=" ">
    <subfield code="a">MILANO</subfield>
  </datafield>
  <datafield tag="260" ind1=" " ind2=" ">
    <subfield code="b">CGD - MESSAGGERIE MUSICALI</subfield>
    <subfield code="c">1972 [1a Ed.:1972 - Ed. Lingua Orig.: 1972]</subfield>
  </datafield>
  <datafield tag="300" ind1=" " ind2=" ">
    <subfield code="a">DISCO</subfield>
  </datafield>
  <datafield tag="500" ind1=" " ind2=" ">
    <subfield code="a">Canzone italiana.</subfield>
  </datafield>
  <datafield tag="505" ind1=" " ind2=" ">
    <subfield code="a">Erba di casa mia - La tua innocenza - Ti ruberei - L'infinito - Io di pi&#xF9; - Amore, cuore mio (dal film "Joe Valachi, i segreti di Cosa Nostra") - Vent'anni - Se bruciasse la citt&#xE0; - Rose rosse - Io e te - Adagio veneziano - Aranjuez</subfield>
  </datafield>
  <datafield tag="650" ind1=" " ind2=" ">
    <subfield code="a">CANZONE ITALIAN [DISCHI]</subfield>
    <subfield code="e">Codice MATERIA SPICS: 9950</subfield>
    <subfield code="9">4711</subfield>
  </datafield>
  <datafield tag="700" ind1=" " ind2=" ">
    <subfield code="a">Ranieri Massimo</subfield>
    <subfield code="g">Codice interprete SPICS: 11108</subfield>
    <subfield code="4">Interprete</subfield>
    <subfield code="9">4712</subfield>
  </datafield>
  <datafield tag="700" ind1=" " ind2=" ">
    <subfield code="a">Savio G.</subfield>
    <subfield code="g">Codice autore musica SPICS: 14082</subfield>
    <subfield code="4">Autore musica</subfield>
    <subfield code="p">Erba di casa mia - Ti ruberei - L'infinito - Vent'anni - Se bruciasse la citt&#xE0;</subfield>
    <subfield code="9">4713</subfield>
  </datafield>
  <datafield tag="700" ind1=" " ind2=" ">
    <subfield code="a">Polito</subfield>
    <subfield code="g">Codice autore musica SPICS: 13987</subfield>
    <subfield code="4">Autore musica</subfield>
    <subfield code="p">Erba di casa mia - Ti ruberei - L'infinito - Vent'anni - Se bruciasse la citt&#xE0; - Rose rosse</subfield>
    <subfield code="9">4714</subfield>
  </datafield>
  <datafield tag="700" ind1=" " ind2=" ">
    <subfield code="a">Bigazzi Giancarlo</subfield>
    <subfield code="g">Codice autore testo/musica SPICS: 13839</subfield>
    <subfield code="4">Autore testo/musica</subfield>
    <subfield code="p">Erba di casa mia - Ti ruberei - L'infinito - Io di pi&#xF9; - Vent'anni - Se bruciasse la citt&#xE0; - Rose rosse - Adagio veneziano - Aranjuez</subfield>
    <subfield code="9">4715</subfield>
  </datafield>
  <datafield tag="700" ind1=" " ind2=" ">
    <subfield code="a">Cavallaro</subfield>
    <subfield code="g">Codice autore musica SPICS: 13858</subfield>
    <subfield code="4">Autore musica</subfield>
    <subfield code="p">La tua innocenza</subfield>
    <subfield code="9">4716</subfield>
  </datafield>
  <datafield tag="700" ind1=" " ind2=" ">
    <subfield code="a">Limiti P.</subfield>
    <subfield code="g">Codice autore testo/musica SPICS: 13869</subfield>
    <subfield code="4">Autore testo/musica </subfield>
    <subfield code="p">La tua innocenza</subfield>
    <subfield code="9">4717</subfield>
  </datafield>
  <datafield tag="700" ind1=" " ind2=" ">
    <subfield code="a">Vibio</subfield>
    <subfield code="g">Codice autore musica SPICS: 24543</subfield>
    <subfield code="4">Autore musica</subfield>
    <subfield code="p">Io di pi&#xF9;</subfield>
    <subfield code="9">4718</subfield>
  </datafield>
  <datafield tag="700" ind1=" " ind2=" ">
    <subfield code="a">Ortolani Riz</subfield>
    <subfield code="g">Codice autore musica SPICS: 11049</subfield>
    <subfield code="4">Autore musica</subfield>
    <subfield code="p">Amore, cuore mio (dal film "Joe Valachi, i segreti di Cosa Nostra")</subfield>
    <subfield code="9">4719</subfield>
  </datafield>
  <datafield tag="700" ind1=" " ind2=" ">
    <subfield code="a">Pallavicini Vito</subfield>
    <subfield code="g">Codice autore testo/musica SPICS: 13656</subfield>
    <subfield code="4">Autore testo/musica</subfield>
    <subfield code="p">Amore, cuore mio (dal film "Joe Valachi, i segreti di Cosa Nostra")</subfield>
    <subfield code="9">4720</subfield>
  </datafield>
  <datafield tag="700" ind1=" " ind2=" ">
    <subfield code="a">Pace Daniele</subfield>
    <subfield code="g">Codice autore musica SPICS: 13856</subfield>
    <subfield code="4">Autore musica</subfield>
    <subfield code="p">Io e te</subfield>
    <subfield code="9">4721</subfield>
  </datafield>
  <datafield tag="700" ind1=" " ind2=" ">
    <subfield code="a">Morricone Ennio</subfield>
    <subfield code="g">Codice autore testo/musica SPICS: 3535</subfield>
    <subfield code="4">Autore testo/musica</subfield>
    <subfield code="p">Io e te</subfield>
    <subfield code="9">4722</subfield>
  </datafield>
  <datafield tag="700" ind1=" " ind2=" ">
    <subfield code="a">Marcello Benedetto</subfield>
    <subfield code="g">Codice autore musica SPICS: 8256</subfield>
    <subfield code="4">Autore musica</subfield>
    <subfield code="p">Adagio veneziano</subfield>
    <subfield code="9">4723</subfield>
  </datafield>
  <datafield tag="700" ind1=" " ind2=" ">
    <subfield code="a">Rodrigo</subfield>
    <subfield code="g">Codice autore musica SPICS: 24544</subfield>
    <subfield code="4">Autore musica</subfield>
    <subfield code="p">Aranjuez</subfield>
    <subfield code="9">4724</subfield>
  </datafield>
  <datafield tag="942" ind1=" " ind2=" ">
    <subfield code="c">MD</subfield>
    <subfield code="2">ddc</subfield>
  </datafield>
  <datafield tag="952" ind1=" " ind2=" ">
    <subfield code="0">0</subfield>
    <subfield code="1">0</subfield>
    <subfield code="4">0</subfield>
    <subfield code="6">21068_000000000000000</subfield>
    <subfield code="7">1</subfield>
    <subfield code="a">SPICS</subfield>
    <subfield code="b">SPICS</subfield>
    <subfield code="d">2013-10-25</subfield>
    <subfield code="l">0</subfield>
    <subfield code="o">21068</subfield>
    <subfield code="r">2013-10-25 00:00:00</subfield>
    <subfield code="w">2013-10-25</subfield>
    <subfield code="y">MD</subfield>
    <subfield code="z">Progr. Ins.: 4370 / N.Vol.: 1 / Copie: 1 - Copia rara: n.d. / date import: 01.01.2014 - By Epidotti, Trombetti, Vaglietti</subfield>
  </datafield>
</record>
